000 00739nam a2200265 i 4500
001 C2-0341715
003 PPAK
005 20180728143324.0
008 170611s2017 my |||| ||||| | may d
020 _a9789670963303
040 _aPPAK
_beng
_cPPAK
_erda
082 0 4 _a899.233
_223
090 0 0 _a899.233
_bWSU
_dK
100 0 _aW. S. Uzala,
_d1954-
_eauthor
245 1 0 _aKasih seorang anak
264 1 _aKuala Terangganu, Terengganu :
_bMalidi Publication ,
_c2017
300 _a92 pages ;
_c21 cm
336 _2rdacontent
_atext
337 _2rdamedia
_aunmediated
338 _2rdacarrier
_avolume
490 1 _aSiri kejadian aneh
650 1 0 _aChildren's stories, Malay.
830 0 _aSiri kejadian aneh
942 _ddc
_cB
999 _c138733
_d138733